| 000 | 00917nam a2200289Ia 4500 | ||
|---|---|---|---|
| 003 | OSt | ||
| 005 | 20221007125706.0 | ||
| 006 | a|||||r|||| 00| 0 | ||
| 007 | ta | ||
| 008 | 221006b |||||||| |||| 00| 0 eng d | ||
| 020 |
_a0470053313 (hbd) _cRs.4499.75 |
||
| 024 | _a76229 | ||
| 037 |
_b176/2006-07, 19/12/2006, Educational Book Agency (India) _cTextbook |
||
| 040 |
_aCDL _cCDL _beng |
||
| 041 |
_2eng _aeng |
||
| 082 | _aE5:4, P6 Carc | ||
| 100 | _aTaber Douglass F | ||
| 245 | 0 | _aOrganic synthesis: State of the art 2003-2005 | |
| 260 |
_aNew _bJersey John Wiley & Sons _c2006 |
||
| 300 |
_aix, 216p. _ccm. |
||
| 500 | _aIndex 207-216p. | ||
| 650 | _a Organic chemistry | ||
| 650 | _a Organic synthesis | ||
| 650 | _aChemistry | ||
| 942 |
_hE5:4, P6 Carc _cTB _2CC |
||
| 999 |
_c1215716 _d1215716 |
||